| Tag |
First Indicator |
Second Indicator |
Subfields |
| LEADER |
00000cam a2200000 a 4500 |
| 001 |
in00000075618 |
| 005 |
20151008053650.0 |
| 008 |
750522s1975 mau c 00000 eng d |
| 020 |
|
|
|a 0816111723
|
| 035 |
|
|
|a (OCoLC)01351244
|
| 035 |
|
|
|9 AAH8213AM
|
| 040 |
|
|
|c PIT
|d OCL
|d TXA
|d UtOrBLW
|
| 049 |
|
|
|a TXAC
|c [1501683]
|
| 090 |
|
|
|a Z6028
|b .C17 Suppl.
|
| 110 |
2 |
|
|a Bancroft Library.
|
| 245 |
1 |
0 |
|a Catalog of manuscript and printed maps in the Bancroft Library :
|b (a supplement to Index to printed maps), University of California, Berkeley.
|
| 264 |
|
1 |
|a Boston :
|b G.K. Hall,
|c 1975.
|
| 300 |
|
|
|a v, 581 pages ; 37 cm.
|
| 336 |
|
|
|a text
|b txt
|2 rdacontent
|
| 337 |
|
|
|a unmediated
|b n
|2 rdamedia
|
| 338 |
|
|
|a volume
|b nc
|2 rdacarrier
|
| 650 |
|
0 |
|a Maps
|v Bibliography
|v Catalogs.
|
| 710 |
2 |
|
|a Bancroft Library.
|t Index to printed maps.
|
| 740 |
0 |
|
|a Index to printed maps.
|
| 999 |
|
|
|a MARS
|
| 999 |
f |
f |
|s 54c4b2fd-c7a7-3735-9d09-ea13939f95ee
|i 9cc701da-751c-3373-84cf-cddf70fff79f
|t 0
|
| 952 |
f |
f |
|p normal
|a Texas A&M University
|b College Station
|c Sterling C. Evans Library
|d Evans: Maps (2nd floor)
|t 0
|e Z6028 .C17 Suppl.
|f Oversize
|h Library of Congress classification
|i unmediated -- volume
|m A14831156425
|
| 998 |
f |
f |
|a Z6028 .C17 Suppl.
|t 0
|l Evans: Maps (2nd floor)
|